000
00214nam a22000977a 4500
100
_a
Mohammad S.E.A
245
_a
Retarded Functional Differential Equations
260
_a
London
_c
1978
300
_a
147
942
_c
BK
999
_c
13683
_d
13683